[Event "2. Bundesliga Ost 2010/2011"]
[Site "2+3.10.Zwettl,30.10-1.11.Wien,27+28.11.Wien,29+30.
[Date "2010.11.28"]
[Round "7"]
[Board "5"]
[White "Lucaci, Marius"]
[Black "Albadri, Abd Al Sattar"]
[Result "0-1"]
[WhiteElo "2148"]
[BlackElo "2226"]
[PlyCount "56"]
[EventDate "2010.10.02"]
[EventType "team"]
[EventRounds "11"]
[EventCountry "AUT"]
[WhiteTeam "1. Wr. Neustaedter SV"]
[BlackTeam "Aljechin/Wieden"]

1.e4 e6 2.d4 d5 3.Nc3 dxe4 4.Nxe4 Nd7 5.Nf3 Be7 6.Bd3 Ngf6 7.O-O O-O 8.c4 c5
9.Nxc5 Nxc5 10.dxc5 Bxc5 11.Bg5 Be7 12.Qe2 Qc7 13.Ne5 b6 14.Bxf6 Bxf6 15.Qe4 g6
16.Ng4 Bxb2 17.Nh6+ Kg7 18.Rab1 Bb7 19.Qe3 Qe5 20.Qh3 Bd4 21.Ng4 Qf4 22.Rfe1
Rad8 23.Rbd1 e5 24.Be4 Bxe4 25.g3 Qf3 26.Rxe4 Bxf2+ 27.Nxf2 Rxd1+ 28.Nxd1 Qxe4 0-1

[Event "2. Bundesliga Ost 2010/2011"]
[Site "2+3.10.Zwettl,30.10-1.11.Wien,27+28.11.Wien,29+30.
[Date "2010.11.28"]
[Round "7"]
[Board "6"]
[White "Batyte, Daiva"]
[Black "Ganauser, Eduard"]
[Result "1/2-1/2"]
[WhiteElo "2167"]
[BlackElo "2096"]
[PlyCount "62"]
[EventDate "2010.10.02"]
[EventType "team"]
[EventRounds "11"]
[EventCountry "AUT"]
[WhiteTeam "Aljechin/Wieden"]
[BlackTeam "1. Wr. Neustaedter SV"]

1.c4 e5 2.Nc3 Nc6 3.g3 g6 4.Bg2 Bg7 5.Nf3 d6 6.d3 Nge7 7.e4 O-O 8.O-O f5 9.exf5
Bxf5 10.Nh4 Be6 11.Nd5 Rb8 12.Be3 a6 13.Rb1 Qd7 14.Bg5 Nf5 15.Nxf5 Rxf5 16.h4 h6
17.Be3 Rf7 18.Qd2 Kh7 19.f4 Bh3 20.fxe5 Nxe5 21.Rxf7 Qxf7 22.Rf1 Qd7 23.Nf6+
Bxf6 24.Rxf6 Bxg2 25.Qxg2 Ng4 26.Rf3 c5 27.Qf1 Ne5 28.Rf4 Re8 29.d4 cxd4 30.Bxd4
Re7 31.Bc3 Qc7 1/2-1/2

[Event "2. Bundesliga Ost 2010/2011"]
[Site "2+3.10.Zwettl,30.10-1.11.Wien,27+28.11.Wien,29+30.
[Date "2010.11.28"]
[Round "7"]
[Board "1"]
[White "Volkmann, Friedrich Karl"]
[Black "Rueckschloss, Karol"]
[Result "0-1"]
[WhiteElo "2409"]
[BlackElo "2293"]
[PlyCount "62"]
[EventDate "2010.10.02"]
[EventType "team"]
[EventRounds "11"]
[EventCountry "AUT"]
[WhiteTeam "ASVOE Wulkaprodersdorf"]
[BlackTeam "ASVOE Pamhagen"]

1.e4 e6 2.d4 d5 3.exd5 exd5 4.c4 Nf6 5.Nc3 Be7 6.Nf3 O-O 7.cxd5 Nxd5 8.Bd3 Nc6
9.O-O Bg4 10.h3 Bxf3 11.Qxf3 Ndb4 12.Bb1 Qxd4 13.Rd1 Qh4 14.a3 Na6 15.b4 Bf6
16.Bb2 Rad8 17.Ba2 Nab8 18.Na4 Bxb2 19.Nxb2 Nd7 20.Nd3 Nf6 21.Kf1 Ne4 22.Rac1
Rxd3 23.Rxd3 Ne5 24.Qe3 Nxd3 25.Rxc7 Ndxf2 26.Bd5 Nd1 27.Qe1 Qf4+ 28.Kg1 Qxc7
29.Bxe4 Qc3 30.Qh4 Qd4+ 31.Kh2 f5 0-1

[Event "2. Bundesliga Ost 2010/2011"]
[Site "2+3.10.Zwettl,30.10-1.11.Wien,27+28.11.Wien,29+30.
[Date "2010.11.28"]
[Round "7"]
[Board "2"]
[White "Vitouch, Anatol"]
[Black "Sandhu, Mario"]
[Result "1-0"]
[WhiteElo "2262"]
[BlackElo "2330"]
[PlyCount "69"]
[EventDate "2010.10.02"]
[EventType "team"]
[EventRounds "11"]
[EventCountry "AUT"]
[WhiteTeam "ASVOE Pamhagen"]
[BlackTeam "ASVOE Wulkaprodersdorf"]

1.Nf3 Nf6 2.g3 d5 3.Bg2 c6 4.c4 Bf5 5.cxd5 cxd5 6.Qb3 Qc8 7.Nc3 e6 8.d3 Nc6
9.O-O Be7 10.Bf4 O-O 11.Rac1 Qd7 12.e4 Bg6 13.Ne5 Nxe5 14.Bxe5 dxe4 15.dxe4 Bh5
16.h3 Bd6 17.Bxf6 gxf6 18.f4 Bc5+ 19.Kh1 Be3 20.Rc2 Bg6 21.f5 exf5 22.Nd5 Bd4
23.exf5 Kg7 24.fxg6 hxg6 25.Nf4 Rh8 26.Qd5 Qxd5 27.Nxd5 Be5 28.Kh2 Rad8 29.b3
Rh5 30.Nf4 Rhh8 31.Bxb7 g5 32.Ng2 Rd3 33.Rf3 Rhd8 34.Ne3 Rd2+ 35.Rf2 1-0

[Event "2. Bundesliga Ost 2010/2011"]
[Site "2+3.10.Zwettl,30.10-1.11.Wien,27+28.11.Wien,29+30.
[Date "2010.11.28"]
[Round "7"]
[Board "3"]
[White "Kopinits, Anna-Christina"]
[Black "Hangweyrer, Manfred"]
[Result "1-0"]
[WhiteElo "2210"]
[BlackElo "2334"]
[PlyCount "45"]
[EventDate "2010.10.02"]
[EventType "team"]
[EventRounds "11"]
[EventCountry "AUT"]
[WhiteTeam "ASVOE Wulkaprodersdorf"]
[BlackTeam "ASVOE Pamhagen"]

1.e4 d5 2.exd5 Qxd5 3.Nc3 Qd6 4.d4 Nf6 5.Nf3 a6 6.g3 Bg4 7.Bg2 Nc6 8.Bf4 Qd7
9.d5 Nb4 10.Ne5 Bxd1 11.Nxd7 Bxc2 12.Nxf6+ gxf6 13.Bxc7 Bf5 14.O-O Rc8 15.Ba5
Nd3 16.d6 Nxb2 17.Bxb7 Rc5 18.Bb4 Rc4 19.a3 exd6 20.Bxa6 Rc7 21.Nd5 Ra7 22.Bb5+
Kd8 23.Bc3 1-0

[Event "2. Bundesliga Ost 2010/2011"]
[Site "2+3.10.Zwettl,30.10-1.11.Wien,27+28.11.Wien,29+30.
[Date "2010.11.28"]
[Round "7"]
[Board "4"]
[White "Kuthan, Andreas"]
[Black "Steinwender, Peter"]
[Result "1/2-1/2"]
[WhiteElo "2204"]
[BlackElo "2094"]
[PlyCount "97"]
[EventDate "2010.10.02"]
[EventType "team"]
[EventRounds "11"]
[EventCountry "AUT"]
[WhiteTeam "ASVOE Pamhagen"]
[BlackTeam "ASVOE Wulkaprodersdorf"]

1.e4 c5 2.c3 d5 3.exd5 Qxd5 4.d4 e6 5.Nf3 Nf6 6.Be3 cxd4 7.cxd4 Bb4+ 8.Nc3 O-O
9.a3 Bxc3+ 10.bxc3 Nc6 11.Bd3 b6 12.O-O Bb7 13.Bg5 h6 14.Bh4 Ne7 15.Re1 Qh5
16.Bxf6 Bxf3 17.Qxf3 Qxf3 18.gxf3 gxf6 19.c4 Rfd8 20.Rad1 Kf8 21.Bc2 Rac8 22.Bb3
Nc6 23.d5 Na5 24.Ba2 Nxc4 25.dxe6 Rxd1 26.Rxd1 fxe6 27.Rd7 Nxa3 28.Rxa7 Nb5
29.Rh7 Rc1+ 30.Kg2 Nd4 31.Rxh6 Kg7 32.Rh4 Rg1+ 33.Kxg1 Nxf3+ 34.Kf1 Nxh4 35.Bxe6
Nf3 36.Bd7 Kg6 37.h3 f5 38.Kg2 Ne5 39.Be8+ Kg5 40.Bb5 Kf4 41.Be2 Nc6 42.h4 Nd4
43.Bd1 b5 44.h5 Kg5 45.f4+ Kh6 46.Kf2 Ne6 47.Ke3 b4 48.Bc2 Ng7 49.Kd4 1/2-1/2

[Event "2. Bundesliga Ost 2010/2011"]
[Site "2+3.10.Zwettl,30.10-1.11.Wien,27+28.11.Wien,29+30.
[Date "2010.11.28"]
[Round "7"]
[Board "5"]
[White "Rampler, Evelyn"]
[Black "Travenec, Igor"]
[Result "0-1"]
[WhiteElo "1842"]
[BlackElo "2233"]
[PlyCount "80"]
[EventDate "2010.10.02"]
[EventType "team"]
[EventRounds "11"]
[EventCountry "AUT"]
[WhiteTeam "ASVOE Wulkaprodersdorf"]
[BlackTeam "ASVOE Pamhagen"]

1.e4 e6 2.d3 d5 3.Nd2 c5 4.Ngf3 Nc6 5.g3 Nf6 6.Bg2 Be7 7.O-O O-O 8.Re1 Qc7 9.h4
b6 10.e5 Nd7 11.Qe2 Bb7 12.Nf1 Nd4 13.Nxd4 cxd4 14.Bf4 Rac8 15.Rac1 Qc5 16.Nd2
Qb5 17.Nb3 a5 18.Qg4 Kh8 19.Bd2 a4 20.Nxd4 Qxb2 21.Rb1 Qa3 22.Qe2 Ba6 23.Rec1
Rc7 24.Qe1 Rfc8 25.Bb4 Bxb4 26.Rxb4 Nxe5 27.Rcb1 Nxd3 28.Qe3 e5 29.Rxb6 exd4
30.Qxd4 Nc5 31.Bxd5 Rd8 32.Qe5 Rcd7 33.Rb8 Bc8 34.Re1 h6 35.Rb6 f6 36.Rxf6 Rxd5
37.Rxh6+ Kg8 38.Qe8+ Rxe8 39.Rxe8+ Kf7 40.Rhh8 Bg4 0-1

[Event "2. Bundesliga Ost 2010/2011"]
[Site "2+3.10.Zwettl,30.10-1.11.Wien,27+28.11.Wien,29+30.
[Date "2010.11.28"]
[Round "7"]
[Board "6"]
[White "Froschauer, Hans"]
[Black "Knapp, Josef"]
[Result "1-0"]
[WhiteElo "2124"]
[BlackElo "1819"]
[PlyCount "63"]
[EventDate "2010.10.02"]
[EventType "team"]
[EventRounds "11"]
[EventCountry "AUT"]
[WhiteTeam "ASVOE Pamhagen"]
[BlackTeam "ASVOE Wulkaprodersdorf"]

1.e4 d6 2.d4 c6 3.c4 Nd7 4.Nc3 e5 5.Nf3 Be7 6.Be2 Ngf6 7.O-O O-O 8.Qc2 a6 9.h3
Qc7 10.Be3 b6 11.Rac1 Re8 12.Rfd1 Bb7 13.dxe5 dxe5 14.Na4 c5 15.Nc3 Nf8 16.Nd5
Bxd5 17.cxd5 Bd6 18.a4 N6d7 19.Bc4 Ng6 20.g3 Qb7 21.Qe2 Ra7 22.h4 Nb8 23.h5 Nf8
24.Nh4 g6 25.Bh6 Qd7 26.b3 Rd8 27.Rc3 Be7 28.Kh2 Ne6 29.dxe6 Qxd1 30.exf7+ Kh8
31.Qxd1 Rxd1 32.hxg6 1-0

[Event "2. Bundesliga Ost 2010/2011"]
[Site "2+3.10.Zwettl,30.10-1.11.Wien,27+28.11.Wien,29+30.
[Date "2010.11.28"]
[Round "7"]
[Board "1"]
[White "Rotstein, Arkadij"]
[Black "Polak, Thomas"]
[Result "1-0"]
[WhiteElo "2542"]
[BlackElo "2535"]
[PlyCount "115"]
[EventDate "2010.10.02"]
[EventType "team"]
[EventRounds "11"]
[EventCountry "AUT"]
[WhiteTeam "SV Tschaturanga Neubau"]
[BlackTeam "SK Zwettl"]

1.g3 d5 2.Nf3 Nf6 3.Bg2 c6 4.O-O Bg4 5.d4 Nbd7 6.Nbd2 e6 7.Re1 Be7 8.e4 dxe4
9.Nxe4 Nxe4 10.Rxe4 Bf5 11.Re1 O-O 12.c3 Qb6 13.Nd2 Bg6 14.Nc4 Qa6 15.Ne3 Rac8
16.a4 Rfe8 17.a5 b5 18.h4 Nf6 19.Bf3 h6 20.Ng4 Nxg4 21.Bxg4 c5 22.Be3 b4 23.Be2
Qc6 24.cxb4 cxb4 25.d5 exd5 26.Bxa7 Bf6 27.Bd4 Rxe2 28.Rxe2 Bh5 29.Bxf6 Qxf6
30.Rc2 Bxd1 31.Rxc8+ Kh7 32.Rxd1 Qxb2 33.Rcc1 Qe2 34.Ra1 Qa6 35.Rdb1 d4 36.Rxb4
d3 37.Rb6 Qa8 38.a6 d2 39.Rbb1 Qa7 40.Rd1 f5 41.Rxd2 f4 42.gxf4 Kg6 43.Rd5 Kf6
44.h5 Ke6 45.Raa5 Kf6 46.Rd6+ Ke7 47.Rad5 Qb8 48.Kg2 Qb1 49.a7 Qa1 50.Rg6 Qa4
51.Rxg7+ Kf6 52.Rg6+ Kf7 53.Rf5+ Ke7 54.Re5+ Kf7 55.Rxh6 Kg7 56.Rhe6 Qxa7
57.Re7+ Kf6 58.R5e6+ 1-0

[Event "2. Bundesliga Ost 2010/2011"]
[Site "2+3.10.Zwettl,30.10-1.11.Wien,27+28.11.Wien,29+30.
[Date "2010.11.28"]
[Round "7"]
[Board "2"]
[White "Blatny, Pavel"]
[Black "Wukits, Rene"]
[Result "1-0"]
[WhiteElo "2402"]
[BlackElo "2307"]
[PlyCount "91"]
[EventDate "2010.10.02"]
[EventType "team"]
[EventRounds "11"]
[EventCountry "AUT"]
[WhiteTeam "SK Zwettl"]
[BlackTeam "SV Tschaturanga Neubau"]

1.b3 b6 2.Bb2 Bb7 3.e3 h5 4.f4 e6 5.Nf3 a6 6.Qe2 Nf6 7.d3 Nc6 8.a3 Na7 9.Nbd2 b5
10.e4 h4 11.Rg1 Nh5 12.g3 Bc5 13.d4 Be7 14.Qe3 hxg3 15.hxg3 Nf6 16.g4 d5 17.e5
Ne4 18.Nxe4 dxe4 19.Nd2 Bh4+ 20.Ke2 Be7 21.Bg2 Qd7 22.Rh1 O-O-O 23.Rxh8 Rxh8
24.Rh1 Rd8 25.Nxe4 Kb8 26.Bf3 Nc6 27.Rd1 Qe8 28.g5 Qh8 29.Nf2 Qf8 30.Qc3 b4
31.axb4 Nxb4 32.Bxb7 Kxb7 33.Qf3+ Kb8 34.c3 Nd5 35.Ra1 Qe8 36.Nd3 Ka7 37.c4 Nb4
38.Nxb4 Bxb4 39.Qe4 Qd7 40.Rd1 c6 41.Bc1 Bc5 42.Be3 Bb6 43.g6 Kb7 44.Rg1 Rh8
45.gxf7 Rh2+ 46.Kd3 1-0

[Event "2. Bundesliga Ost 2010/2011"]
[Site "2+3.10.Zwettl,30.10-1.11.Wien,27+28.11.Wien,29+30.
[Date "2010.11.28"]
[Round "7"]
[Board "3"]
[White "Kleiser, Gregor"]
[Black "Pisk, Petr"]
[Result "1/2-1/2"]
[WhiteElo "2258"]
[BlackElo "2313"]
[PlyCount "85"]
[EventDate "2010.10.02"]
[EventType "team"]
[EventRounds "11"]
[EventCountry "AUT"]
[WhiteTeam "SV Tschaturanga Neubau"]
[BlackTeam "SK Zwettl"]

1.d4 d5 2.c4 c6 3.cxd5 cxd5 4.Bf4 Nc6 5.Nc3 Nf6 6.Nf3 Bf5 7.e3 e6 8.Qb3 Bb4
9.Bb5 O-O 10.O-O Bxc3 11.bxc3 Rc8 12.Rfc1 Nh5 13.Bg5 f6 14.Bh4 g5 15.Bg3 Nxg3
16.hxg3 Rf7 17.Nd2 Na5 18.Qa3 Qb6 19.Be2 Nc6 20.c4 Qd8 21.cxd5 exd5 22.Rc5 b6
23.Rc3 Na5 24.Rac1 Rfc7 25.Ba6 Rxc3 26.Rxc3 Rxc3 27.Qxc3 Qd7 28.Nb3 Qc6 29.Qb4
Nxb3 30.axb3 Kf7 31.Bb5 Qc7 32.Qa4 Ke7 33.Bc6 Bd7 34.Bxd7 Qxd7 35.Qa6 f5 36.Qd3
g4 37.f3 h5 38.e4 fxe4 39.fxe4 dxe4 40.Qxe4+ Qe6 41.Qb7+ Qd7 42.Qe4+ Qe6 43.Qb7+
1/2-1/2

[Event "2. Bundesliga Ost 2010/2011"]
[Site "2+3.10.Zwettl,30.10-1.11.Wien,27+28.11.Wien,29+30.
[Date "2010.11.28"]
[Round "7"]
[Board "4"]
[White "Buchnicek, Petr"]
[Black "Ernst, Michael"]
[Result "1-0"]
[WhiteElo "2305"]
[BlackElo "2192"]
[PlyCount "121"]
[EventDate "2010.10.02"]
[EventType "team"]
[EventRounds "11"]
[EventCountry "AUT"]
[WhiteTeam "SK Zwettl"]
[BlackTeam "SV Tschaturanga Neubau"]

1.d4 Nf6 2.Bg5 e6 3.e4 h6 4.Bxf6 Qxf6 5.Nc3 Bb4 6.Qd2 d5 7.e5 Qd8 8.a3 Be7 9.Nf3
c5 10.dxc5 Bxc5 11.Bd3 Nc6 12.b4 Nxb4 13.axb4 Bxb4 14.Bb5+ Bd7 15.Bxd7+ Qxd7
16.Qd4 Qb5 17.Nd2 Bxc3 18.Qxc3 O-O 19.Rb1 Qd7 20.O-O Rfc8 21.Qb3 b5 22.Qxb5 Qxb5
23.Rxb5 Rxc2 24.Nb3 Re2 25.f4 Rc8 26.Rc5 Rb8 27.Rc3 Ra2 28.Nc1 Rd2 29.Rf2 Rd1+
30.Rf1 Rd2 31.Nd3 a5 32.Ra1 a4 33.Rca3 g5 34.Ne1 gxf4 35.Rxa4 Re2 36.Nd3 Re3
37.Rd1 Rb3 38.Rd4 Ra3 39.Rd2 h5 40.Kf2 h4 41.h3 Kg7 42.Ne1 Rxe5 43.Rxf4 Re4
44.Rf3 Raa4 45.Rfd3 Rf4+ 46.Rf3 Rfe4 47.Re2 f6 48.Rxe4 Rxe4 49.Rd3 Kg6 50.Nf3
Kh5 51.Rd4 Rxd4 52.Nxd4 e5 53.Nf3 e4 54.Nd4 Kg5 55.Ke3 f5 56.Ne2 Kf6 57.Kf4 Ke6
58.Nd4+ Kd6 59.Nxf5+ Kc5 60.Ke3 Kc4 61.Nxh4 1-0

[Event "2. Bundesliga Ost 2010/2011"]
[Site "2+3.10.Zwettl,30.10-1.11.Wien,27+28.11.Wien,29+30.
[Date "2010.11.28"]
[Round "7"]
[Board "5"]
[White "Ponjican, Erich"]
[Black "Wagner, Stefan"]
[Result "1/2-1/2"]
[WhiteElo "2206"]
[BlackElo "2173"]
[PlyCount "81"]
[EventDate "2010.10.02"]
[EventType "team"]
[EventRounds "11"]
[EventCountry "AUT"]
[WhiteTeam "SV Tschaturanga Neubau"]
[BlackTeam "SK Zwettl"]

1.d4 Nf6 2.c4 e6 3.Nc3 Bb4 4.Qc2 O-O 5.a3 Bxc3+ 6.Qxc3 b6 7.Bg5 h6 8.Bh4 Bb7
9.f3 d5 10.e3 Nbd7 11.Bd3 c5 12.dxc5 bxc5 13.Ne2 Qb6 14.O-O Rac8 15.b3 Rfd8
16.Rfd1 a5 17.Rab1 Qa7 18.Qc1 a4 19.bxa4 Bc6 20.Nc3 Bxa4 21.Nb5 Qa6 22.Rd2 dxc4
23.Bxc4 Ne5 24.Bxf6 gxf6 25.Be2 Rxd2 26.Qxd2 Bxb5 27.Rxb5 Qxa3 28.f4 Nc6 29.Kf2
Ne7 30.Bc4 Qa7 31.Qb2 Qa4 32.Qe2 f5 33.Rb7 Qe8 34.Qh5 Qf8 35.Qh4 Ng6 36.Qf6 Re8
37.Rc7 Re7 38.Rxc5 Qg7 39.Rc8+ Kh7 40.Qxg7+ Kxg7 41.g3 1/2-1/2

[Event "2. Bundesliga Ost 2010/2011"]
[Site "2+3.10.Zwettl,30.10-1.11.Wien,27+28.11.Wien,29+30.
[Date "2010.11.28"]
[Round "7"]
[Board "6"]
[White "Janetschek, Karl"]
[Black "Schwaninger, Wolfgang"]
[Result "0-1"]
[WhiteElo "2271"]
[BlackElo "2146"]
[PlyCount "72"]
[EventDate "2010.10.02"]
[EventType "team"]
[EventRounds "11"]
[EventCountry "AUT"]
[WhiteTeam "SK Zwettl"]
[BlackTeam "SV Tschaturanga Neubau"]

1.e4 d6 2.d4 g6 3.Nc3 c6 4.Nf3 Bg7 5.Be2 Nf6 6.Be3 Bg4 7.h3 Bxf3 8.Bxf3 Nbd7
9.Qd2 Qa5 10.O-O-O Rc8 11.g4 Nb6 12.g5 Nfd7 13.Be2 c5 14.Kb1 a6 15.f4 Na4
16.Nxa4 Qxa4 17.b3 Qa3 18.c3 b5 19.e5 c4 20.Qb2 Qa5 21.b4 Qc7 22.e6 fxe6 23.Bg4
Qc6 24.Rhe1 d5 25.h4 Nf8 26.h5 gxh5 27.Bxh5+ Kd8 28.Bf2 Ra8 29.Re2 a5 30.bxa5
Rxa5 31.Rde1 h6 32.Bg4 hxg5 33.fxg5 Rh2 34.Bg3 Rxe2 35.Qxe2 b4 36.cxb4 Qb6 0-1

[Event "2. Bundesliga Ost 2010/2011"]
[Site "2+3.10.Zwettl,30.10-1.11.Wien,27+28.11.Wien,29+30.
[Date "2010.11.28"]
[Round "7"]
[Board "1"]
[White "Boros, Denez"]
[Black "Fauland, Alexander"]
[Result "1/2-1/2"]
[WhiteElo "2508"]
[BlackElo "2436"]
[PlyCount "90"]
[EventDate "2010.10.02"]
[EventType "team"]
[EventRounds "11"]
[EventCountry "AUT"]
[WhiteTeam "Husek Wien"]
[BlackTeam "Raiffeisen Waehring"]

1.e4 c5 2.Nf3 e6 3.d4 cxd4 4.Nxd4 a6 5.Bd3 Ne7 6.O-O Nbc6 7.Nxc6 Nxc6 8.Qg4 Ne5
9.Qg3 f6 10.Be2 Qc7 11.c4 Qc6 12.Nd2 b5 13.cxb5 axb5 14.f4 Ng6 15.Nb3 Bb7 16.Bd2
Qxe4 17.Bd3 Qd5 18.Bxg6+ hxg6 19.Qxg6+ Kd8 20.Ba5+ Rxa5 21.Nxa5 Qd4+ 22.Kh1 Be4
23.Qg3 Qxb2 24.Nb3 Bd5 25.Rf2 Qa3 26.Rd1 Qb4 27.Qe3 Be7 28.Rfd2 Ke8 29.Rxd5 exd5
30.Rxd5 Qc4 31.Rd1 Kf7 32.h3 Rd8 33.Rd4 Qf1+ 34.Kh2 d5 35.Na5 Bc5 36.Nb7 Re8
37.Qd3 Re2 38.Nd8+ Kg8 39.Qg6 Rxg2+ 40.Qxg2 Qxg2+ 41.Kxg2 Bxd4 42.Ne6 Bb6 43.f5
Kh7 44.Nf4 d4 45.Kf3 Kh6 1/2-1/2

[Event "2. Bundesliga Ost 2010/2011"]
[Site "2+3.10.Zwettl,30.10-1.11.Wien,27+28.11.Wien,29+30.
[Date "2010.11.28"]
[Round "7"]
[Board "2"]
[White "Mahdy, Khaled"]
[Black "Mihok, Oliver"]
[Result "1/2-1/2"]
[WhiteElo "2401"]
[BlackElo "2463"]
[PlyCount "64"]
[EventDate "2010.10.02"]
[EventType "team"]
[EventRounds "11"]
[EventCountry "AUT"]
[WhiteTeam "Raiffeisen Waehring"]
[BlackTeam "Husek Wien"]

1.e4 g6 2.d4 Bg7 3.Nc3 Nc6 4.Be3 d5 5.exd5 Nb4 6.Bb5+ Bd7 7.Bc4 Bf5 8.Bb5+ Kf8
9.Ba4 Nf6 10.Nf3 Nbxd5 11.Nxd5 Nxd5 12.O-O h5 13.c4 Nb6 14.Bb3 Bf6 15.Qe2 e6
16.Rad1 c6 17.Rfe1 Kg7 18.Bf4 Re8 19.Ne5 Bg5 20.Bxg5 Qxg5 21.a4 a5 22.Bc2 Bg4
23.f3 Bf5 24.b3 Rad8 25.Bxf5 Qxf5 26.Qf2 Nd7 27.Qd2 c5 28.Nxd7 Rxd7 29.Re5 Rxd4
30.Rxf5 Rxd2 31.Rxf7+ Kxf7 32.Rxd2 Ke7 1/2-1/2

[Event "2. Bundesliga Ost 2010/2011"]
[Site "2+3.10.Zwettl,30.10-1.11.Wien,27+28.11.Wien,29+30.
[Date "2010.11.28"]
[Round "7"]
[Board "3"]
[White "Maros, Milan"]
[Black "Alvir, Aco"]
[Result "1-0"]
[WhiteElo "2329"]
[BlackElo "2360"]
[PlyCount "105"]
[EventDate "2010.10.02"]
[EventType "team"]
[EventRounds "11"]
[EventCountry "AUT"]
[WhiteTeam "Husek Wien"]
[BlackTeam "Raiffeisen Waehring"]

1.d4 Nf6 2.Nf3 d6 3.Bg5 Nbd7 4.Nbd2 c5 5.c3 h6 6.Bxf6 exf6 7.e4 Be7 8.Bd3 O-O
9.O-O cxd4 10.cxd4 d5 11.Rc1 dxe4 12.Nxe4 Nb6 13.h3 Nd5 14.Nc3 Be6 15.Be4 Nxc3
16.bxc3 Bc4 17.Re1 Qc7 18.Nd2 Ba6 19.Qf3 Rac8 20.Bf5 Rcd8 21.Bd3 Bxd3 22.Qxd3
Bd6 23.c4 Bf4 24.Rc2 Bxd2 25.Rxd2 Rfe8 26.Rxe8+ Rxe8 27.Rd1 b6 28.d5 Qd6 29.g3
g6 30.Kg2 Kg7 31.Qc3 Re5 32.a3 Re4 33.Rd4 Re8 34.Rd3 Rc8 35.Qb3 f5 36.Qc3+ Kg8
37.Qd4 Re8 38.Re3 Rd8 39.Kf3 b5 40.cxb5 Qxd5+ 41.Qxd5 Rxd5 42.a4 Rd4 43.Ra3 Rb4
44.Ke3 f4+ 45.Kd3 Rb2 46.gxf4 Rxf2 47.Ke4 Rb2 48.Kd5 Kg7 49.Kc6 Kf6 50.Kb7 a5
51.Ka6 Kf5 52.Kxa5 Kxf4 53.Kb6 1-0

[Event "2. Bundesliga Ost 2010/2011"]
[Site "2+3.10.Zwettl,30.10-1.11.Wien,27+28.11.Wien,29+30.
[Date "2010.11.28"]
[Round "7"]
[Board "4"]
[White "Bawart, Markus"]
[Black "Kalisky, Vladimir"]
[Result "1-0"]
[WhiteElo "2416"]
[BlackElo "2273"]
[PlyCount "63"]
[EventDate "2010.10.02"]
[EventType "team"]
[EventRounds "11"]
[EventCountry "AUT"]
[WhiteTeam "Raiffeisen Waehring"]
[BlackTeam "Husek Wien"]

1.Nf3 Nf6 2.g3 d6 3.Bg2 e5 4.O-O Be7 5.c4 c6 6.Nc3 O-O 7.d3 a5 8.Rb1 Nbd7 9.a3
Re8 10.b4 axb4 11.axb4 Bf8 12.Qb3 h6 13.Ne1 Qe7 14.Nc2 Qe6 15.Bd2 Nh7 16.Be3
Ndf6 17.b5 Bd7 18.Nb4 Rec8 19.Na4 cxb5 20.Nb6 bxc4 21.dxc4 Rab8 22.Nxc8 Rxc8
23.Bxb7 Rxc4 24.Bd5 Nxd5 25.Qxc4 Nxe3 26.Qxe6 Bxe6 27.fxe3 Nf6 28.Nc6 Nd7 29.Rb7
f6 30.Ra1 Bd5 31.Ne7+ Bxe7 32.Rxd7 1-0

[Event "2. Bundesliga Ost 2010/2011"]
[Site "2+3.10.Zwettl,30.10-1.11.Wien,27+28.11.Wien,29+30.
[Date "2010.11.28"]
[Round "7"]
[Board "5"]
[White "Reinwald, Patrick"]
[Black "Wallner, Joachim"]
[Result "0-1"]
[WhiteElo "2093"]
[BlackElo "2294"]
[PlyCount "64"]
[EventDate "2010.10.02"]
[EventType "team"]
[EventRounds "11"]
[EventCountry "AUT"]
[WhiteTeam "Husek Wien"]
[BlackTeam "Raiffeisen Waehring"]

1.Nf3 Nf6 2.e3 d5 3.b3 Bg4 4.Bb2 e6 5.Be2 Be7 6.O-O O-O 7.Ne5 Bxe2 8.Qxe2 Nbd7
9.f4 c5 10.d3 Nxe5 11.Bxe5 Nd7 12.Bb2 Bf6 13.c4 Re8 14.Nc3 Nb8 15.e4 Bd4+ 16.Kh1
Nc6 17.Nb5 Bxb2 18.Qxb2 a6 19.Nc3 dxe4 20.dxe4 Qa5 21.Rf3 Rad8 22.Rg3 Rd4 23.Qe2
Red8 24.f5 Ne5 25.Rf1 Rd3 26.Rxd3 Nxd3 27.Nd5 exd5 28.Qxd3 dxc4 29.Qxc4 Qxa2
30.e5 b5 31.Qxc5 Qxb3 32.e6 fxe6 0-1

[Event "2. Bundesliga Ost 2010/2011"]
[Site "2+3.10.Zwettl,30.10-1.11.Wien,27+28.11.Wien,29+30.
[Date "2010.11.28"]
[Round "7"]
[Board "6"]
[White "Lovrinovic, Christian"]
[Black "Zojer, Stefan"]
[Result "0-1"]
[WhiteElo "2193"]
[BlackElo "2043"]
[PlyCount "134"]
[EventDate "2010.10.02"]
[EventType "team"]
[EventRounds "11"]
[EventCountry "AUT"]
[WhiteTeam "Raiffeisen Waehring"]
[BlackTeam "Husek Wien"]

1.d4 f5 2.Nf3 Nf6 3.g3 g6 4.Bg2 Bg7 5.O-O O-O 6.c4 d6 7.Nc3 Qe8 8.d5 a5 9.Nd4
Na6 10.a3 Bd7 11.Rb1 a4 12.h3 Nc5 13.Be3 Nh5 14.Ndb5 Qc8 15.Bxc5 dxc5 16.d6 cxd6
17.Qd5+ Be6 18.Qxb7 Qxb7 19.Bxb7 Rab8 20.Bd5 Bxd5 21.Nxd5 Rb7 22.Rfd1 Rfb8
23.Rd2 Nf6 24.Nxf6+ Bxf6 25.e3 Kf7 26.Kf1 Ke6 27.Ke2 d5 28.b3 axb3 29.Rxb3 dxc4
30.Nc7+ Kf7 31.Rxb7 Rxb7 32.Nd5 c3 33.Rc2 Rb2 34.Kd1 Rb3 35.a4 Ra3 36.Nb6 Ke6
37.Ke2 Rb3 38.a5 Kd6 39.Kd3 Kc6 40.Ra2 Rb2 41.Rxb2 cxb2 42.Kc2 Bc3 43.Nc4 Be1
44.f4 Kb5 45.g4 fxg4 46.hxg4 h5 47.f5 hxg4 48.fxg6 b1=Q+ 49.Kxb1 Bc3 50.Nd2 g3
51.Kc2 g2 52.Nf3 Bg7 53.Kd1 c4 54.Ng1 Kxa5 55.Ke2 Kb4 56.Kf3 Kc3 57.Kxg2 Kd2
58.Kf3 c3 59.Ne2 c2 60.e4 Be5 61.Kf2 c1=Q 62.Nxc1 Kxc1 63.Kf3 Kd2 64.Kg4 e6
65.Kg5 Kd3 66.g7 Bxg7 67.Kf4 e5+ 0-1

[Event "2. Bundesliga Ost 2010/2011"]
[Site "2+3.10.Zwettl,30.10-1.11.Wien,27+28.11.Wien,29+30.
[Date "2010.11.28"]
[Round "7"]
[Board "1"]
[White "Papp, Gabor"]
[Black "Poetz, Florian"]
[Result "1-0"]
[WhiteElo "2526"]
[BlackElo "2350"]
[PlyCount "59"]
[EventDate "2010.10.02"]
[EventType "team"]
[EventRounds "11"]
[EventCountry "AUT"]
[WhiteTeam "ASVOE SK Mattersburg"]
[BlackTeam "Niederabsdorf"]

1.e4 c5 2.Nf3 e6 3.d4 cxd4 4.Nxd4 a6 5.Bd3 Bc5 6.Nb3 Ba7 7.Nc3 Nc6 8.Qe2 d6
9.Be3 Nge7 10.f4 b5 11.O-O-O b4 12.Na4 Bd7 13.Qf2 Nc8 14.e5 Na5 15.exd6 Bxa4
16.Be4 Bxe3+ 17.Qxe3 Ra7 18.Nc5 Bd7 19.Qd4 O-O 20.Qxb4 Qb6 21.Qd4 Nc6 22.Nxd7
Qxd4 23.Rxd4 Nxd4 24.Bxh7+ Kh8 25.Nxf8 Nxd6 26.Rd1 Ne2+ 27.Kb1 Ra8 28.Rxd6 Rxf8
29.Be4 Nxf4 30.g3 1-0

[Event "2. Bundesliga Ost 2010/2011"]
[Site "2+3.10.Zwettl,30.10-1.11.Wien,27+28.11.Wien,29+30.
[Date "2010.11.28"]
[Round "7"]
[Board "2"]
[White "Schwarhofer, Christopher"]
[Black "Fodor, Tamas"]
[Result "0-1"]
[WhiteElo "2222"]
[BlackElo "2451"]
[PlyCount "82"]
[EventDate "2010.10.02"]
[EventType "team"]
[EventRounds "11"]
[EventCountry "AUT"]
[WhiteTeam "Niederabsdorf"]
[BlackTeam "ASVOE SK Mattersburg"]

1.e4 e5 2.f4 exf4 3.Nf3 d5 4.exd5 Nf6 5.Nc3 Nxd5 6.Nxd5 Qxd5 7.d4 Be7 8.Bd3 O-O
9.Bxf4 Bg4 10.O-O Nc6 11.c3 Bd6 12.Bxd6 cxd6 13.Qc2 Qh5 14.b4 Ne7 15.Rae1 Nd5
16.Qd2 Rae8 17.Be4 b5 18.Ng5 Nf6 19.Qf4 h6 20.Nf3 Nxe4 21.Rxe4 Rxe4 22.Qxe4 Rc8
23.h3 Be6 24.Rc1 Bd5 25.Qd3 Bxa2 26.Ra1 Bd5 27.Rxa7 Bxf3 28.Qxf3 Qxf3 29.gxf3
Rxc3 30.Kf2 Rc4 31.Ra8+ Kh7 32.Ke3 Rxb4 33.Rd8 Rb3+ 34.Ke4 f5+ 35.Kxf5 Rxf3+
36.Ke4 Rxh3 37.Rxd6 Rh1 38.Rb6 Rb1 39.Kd3 h5 40.d5 h4 41.Kc2 h3 0-1